<?xml version="1.0" encoding="UTF-8"?><?xml-stylesheet type="text/xsl" href="static/style.xsl"?><OAI-PMH xmlns="http://www.openarchives.org/OAI/2.0/" xmlns:xsi="http://www.w3.org/2001/XMLSchema-instance" xsi:schemaLocation="http://www.openarchives.org/OAI/2.0/ http://www.openarchives.org/OAI/2.0/OAI-PMH.xsd"><responseDate>2026-04-29T07:25:38Z</responseDate><request verb="GetRecord" identifier="oai:repisalud.isciii.es:20.500.12105/26429" metadataPrefix="marc">https://repisalud.isciii.es/rest/oai/request</request><GetRecord><record><header><identifier>oai:repisalud.isciii.es:20.500.12105/26429</identifier><datestamp>2025-12-18T13:00:38Z</datestamp><setSpec>com_20.500.12105_2052</setSpec><setSpec>com_20.500.12105_2051</setSpec><setSpec>col_20.500.12105_19609</setSpec></header><metadata><record xmlns="http://www.loc.gov/MARC21/slim" xmlns:dcterms="http://purl.org/dc/terms/" xmlns:doc="http://www.lyncode.com/xoai" xmlns:xsi="http://www.w3.org/2001/XMLSchema-instance" xsi:schemaLocation="http://www.loc.gov/MARC21/slim http://www.loc.gov/standards/marcxml/schema/MARC21slim.xsd">
   <leader>00925njm 22002777a 4500</leader>
   <datafield ind2=" " ind1=" " tag="042">
      <subfield code="a">dc</subfield>
   </datafield>
   <datafield ind2=" " ind1=" " tag="720">
      <subfield code="a">Toraño, Alfredo</subfield>
      <subfield code="e">author</subfield>
   </datafield>
   <datafield ind2=" " ind1=" " tag="720">
      <subfield code="a">Moreno-Iruela, Inmaculada</subfield>
      <subfield code="e">author</subfield>
   </datafield>
   <datafield ind2=" " ind1=" " tag="720">
      <subfield code="a">Infantes-Lorenzo, Jose Antonio</subfield>
      <subfield code="e">author</subfield>
   </datafield>
   <datafield ind2=" " ind1=" " tag="720">
      <subfield code="a">Dominguez-Rodriguez, Mercedes</subfield>
      <subfield code="e">author</subfield>
   </datafield>
   <datafield ind2=" " ind1=" " tag="260">
      <subfield code="c">2024-11</subfield>
   </datafield>
   <datafield ind2=" " ind1=" " tag="520">
      <subfield code="a">We present a time-course saturation ELISA for measuring the equilibrium constant of the monoclonal antibody (mAb) SIM 28 against horse radish peroxidase (HRP). The curves of HRP binding to a series of fixed mAb dilutions were plotted to completion, and the Kt (= Ks) value (time to occupy 50 % of the mAb paratopes) was determined for each mAb dilution and HRP concentration. Analysis of the kinetic mechanism of the reaction by Lineweaver-Burk and Hanes plots showed that the slope and y-intercept were affected, indicating that mAb ligand saturation follows non-competitive inhibition kinetics in this assay format. In this kinetics, the inhibition constant Ki (= Kd) is the time required to double the slope or halve the Vmax of the Lineweaver-Burk plot. The Kt values of the time courses were doubled (2 x Kt) and normalized by dividing by the total reaction time to obtain a unitless factor which, when multiplied by the concentration of HRP, gives the Ki. The affinity constant of mAb SIM 28 was determined from ELISA data (n = 16) by three methods: i) doubling of Kt, ii) Beatty equation (Kaff = (n-1)/2 (n [HRP']t - [HRP]t), and iii) SPR (Biacore) analysis. The calculated affinities (mean ± 95 % confidence limits) were i) 4.6 ± 0.67 × 10-9 M, ii) Kaff = 0.23 ± 0.03 × 109 M-1 (Kd = 4.8 ± 0.81 × 10-9 M), and iii) 4.3 ± 0.57 × 10-9 M, respectively. The similar results obtained with the three different techniques indicate that this time-course saturation ELISA, combined with the double Kt method, is a repeatable and direct approach to mAb affinity determination.</subfield>
   </datafield>
   <datafield ind1="8" ind2=" " tag="024">
      <subfield code="a">Toraño A, Moreno I, Infantes JA, Domínguez M. Description of a non-competitive ELISA based on time course analysis of ligand binding at saturation, and a direct method for calculating the affinity of monoclonal antibodies. J Immunol Methods. 2024 Nov;534:113756.</subfield>
   </datafield>
   <datafield ind1="8" ind2=" " tag="024">
      <subfield code="a">0022-1759</subfield>
   </datafield>
   <datafield ind1="8" ind2=" " tag="024">
      <subfield code="a">https://hdl.handle.net/20.500.12105/26429</subfield>
   </datafield>
   <datafield ind1="8" ind2=" " tag="024">
      <subfield code="a">39265885</subfield>
   </datafield>
   <datafield ind1="8" ind2=" " tag="024">
      <subfield code="a">10.1016/j.jim.2024.113756</subfield>
   </datafield>
   <datafield ind1="8" ind2=" " tag="024">
      <subfield code="a">1872-7905</subfield>
   </datafield>
   <datafield ind1="8" ind2=" " tag="024">
      <subfield code="a">Journal of immunological methods</subfield>
   </datafield>
   <datafield tag="653" ind2=" " ind1=" ">
      <subfield code="a">Monoclonal antibody affinity determination</subfield>
   </datafield>
   <datafield tag="653" ind2=" " ind1=" ">
      <subfield code="a">Noncompetitive inhibition kinetics</subfield>
   </datafield>
   <datafield tag="653" ind2=" " ind1=" ">
      <subfield code="a">Solid-phase time-course saturation ELISA</subfield>
   </datafield>
   <datafield ind2="0" ind1="0" tag="245">
      <subfield code="a">Description of a non-competitive ELISA based on time course analysis of ligand binding at saturation, and a direct method for calculating the affinity of monoclonal antibodies</subfield>
   </datafield>
</record></metadata></record></GetRecord></OAI-PMH>